000 00373nam a22001457a 4500
008 210310b ||||| |||| 00| 0 eng d
020 _a2900132310313
041 _aeng
080 _26th
_a331.101.262
082 _a331.101.262
100 _a52
101 _aBNJ
245 _aOrganizational Behaviour Concepts, Controversies, Applications
_cLangton,N
942 _2udc
_cBK
999 _c56276
_d56276